| 000 | 00790nam a2200253 i 4500 | ||
|---|---|---|---|
| 001 | bgj | ||
| 003 | BPK | ||
| 005 | 20210809143435.0 | ||
| 008 | 010101s1957 uk |000 0 eng d | ||
| 020 | _a0472085425 (pbk) | ||
| 040 | _cBPK | ||
| 041 | _aeng | ||
| 080 | _a8111.111 | ||
| 080 | _a81 | ||
| 100 | 1 |
_aLado, Robert _d(1915- ). |
|
| 245 | 1 | 0 |
_aLinguistics across cultures : _bapplied linguistics for language teachers / _cRobert Lado. |
| 260 |
_aAnn Arbor : _bThe University of Michigan Press, _cc. 1957. |
||
| 300 |
_a141 pp ; _c23 cm. |
||
| 504 | _aBibliography p. 124-141. | ||
| 650 | 4 | _aJęzyk angielski | |
| 658 | _aJęzykoznawstwo | ||
| 856 |
_uhttp://koha.tu.koszalin.pl/cgi-bin/koha/opac-detail.pl?biblionumber=41255 _yKatalog online BPK |
||
| 942 |
_cKS _2UKD |
||
| 999 |
_c41255 _d41255 |
||